Score 0/28 Timer 07:00
1 Play Today
Clue Title % Correct
Where Tarzan livesJungle Book
85.7%
ConfidentialSecret Garden
82.7%
DiminutiveLittle Women
79.8%
What it takes to tangoTwo Towers
78.3%
Pirate's desireTreasure Island
76.6%
Archbishop of ________ Canterbury Tales
75.1%
PlummetingFalling Up
74.5%
Mononoke or DianaPrincess Diaries
74.5%
Stone who
directed 'JFK'
Oliver Twist
72.8%
Coffee without
milk or cream
Black Beauty
72.1%
Crayon choiceColor Purple
71.1%
Book of mapsAtlas Shrugged
68.2%
Golf hole localeGreen Mile
67.2%
Brontë and ChurchCharlotte's Web
65.8%
Clue Title % Correct
Wanting to knowCurious George
56%
Miss _____ of Cluedo (Clue)Scarlet Letter
54.4%
Bird with a
pouched bill
Pelican Brief
54.2%
High-flying toyKite Runner
53.9%
Lover of countryPatriot Games
53.4%
Impossible to seeInvisible Man
51%
Michael of 'Alfie' and 'The Dark Knight'Caine Mutiny
47.8%
Flour wrapTortilla Flat
45.8%
Travelers on the MayflowerPilgrim's Progress
42.3%
Analog system alternativeDigital Fortress
41.3%
Newsweek rivalTime Machine
40.4%
Byron or TennysonLord Jim
38.4%
Zinn and HughesHowards End
34.1%
Lone Ranger's horseSilver Chair
29%
Remove Ads.
Support Sporcle.
Get the best of Sporcle when you Go Orange. This ad-free experience offers more features, more stats, and more fun while also helping to support Sporcle. Thank you for becoming a member.

You're not logged in!

Compare scores with friends on all Sporcle quizzes.
OR
Log In

Sporcle TV

Today on Sporcle TV


Watch our educational content, quiz creation guides, and fun videos on Sporcle TV.

Show Comments

Extras

Top Quizzes Today


Score Distribution

Paid Content

Your Account Isn't Verified!

In order to create a playlist on Sporcle, you need to verify the email address you used during registration. Go to your Sporcle Settings to finish the process.

Report this User

Report this user for behavior that violates our Community Guidelines.

Details: